Dividendová politika /

Saved in:
Bibliographic Details
Main Author: Marek, Petr (Author)
Format: Book
Language:Czech
Published: Praha : AKS-Nad zlato, [1994]
Edition:1.vyd.
Subjects:
Tags: Add Tag
No Tags, Be the first to tag this record!

MARC

LEADER 00000nam a22000003a 4500
001 stu7090
005 20150617225809.3
008 941110s1994----xr------------------cze-d
020 |a 80-85626-11-X 
040 |a STU  |b slo 
041 0 |a cze 
044 |a xr 
080 |a 336.781.25 
080 |a 658.155.2 
100 1 |a Marek, Petr  |4 aut 
245 1 |a Dividendová politika /  |c [aut.] Marek,Petr 
250 |a 1.vyd. 
260 |a Praha :  |b AKS-Nad zlato,  |c [1994] 
300 |a 109 s 
650 7 |a dividendy  |2 stusub 
996 |b E79271  |c R*79271  |l RRUM  |s A  |a 24  |w stu7090_0001